Nacional'naja ekonomija i Fridrich List. 2.

Názory F. Lista, nemeckého ekonóma 19 st., na kozmopolitickú a politickú ekonómiu. Perspektíva potlačenia národov Európy v mene kozmopolitnej idey voľného obchodu a možné dôsledky hegemónie Anglicka. Teória hodnôt a výrobných síl. Národná deľba práce a asociácia výrobných síl krajiny. Súkromná a nár...

Descrizione completa

Salvato in:
Dettagli Bibliografici
Autore principale: Vitte, S.Ju
Natura: Capitolo di libro
Lingua:russo
Soggetti:
Tags: Aggiungi Tag
Nessun Tag, puoi essere il primo ad aggiungerne!!

MARC

LEADER 00000naa a2200000 4500
001 r009450
005 20221213123729.6
041 0 |a rus 
044 |a [SU] 
245 1 0 |a Nacional'naja ekonomija i Fridrich List. 2.  |c S.Ju. Vitte 
520 |a Názory F. Lista, nemeckého ekonóma 19 st., na kozmopolitickú a politickú ekonómiu. Perspektíva potlačenia národov Európy v mene kozmopolitnej idey voľného obchodu a možné dôsledky hegemónie Anglicka. Teória hodnôt a výrobných síl. Národná deľba práce a asociácia výrobných síl krajiny. Súkromná a národná ekonómia. Národnosť a národná ekonómia. Materiálny kapitál krajiny. Nástroje obratu. 
610 2 0 |a List, F. 
610 2 0 |a dejiny myslenia ekonomického 
610 2 0 |a ekonómia politická 
610 2 0 |a obchod voľný 
610 2 0 |a sily výrobné 
610 2 0 |a bohatstvo národné 
610 2 0 |a hodnota 
100 1 |a Vitte, S.Ju.